[Event "European Team-ch 2007 Femenino"]
[Site "Creta GRE"]
[Date "2007.11.01"]
[Round "5.4"]
[White "Daulyte, Deimante"]
[Black "Zhukova, Natalia"]
[Result "0-1"]
[WhiteElo "2222"]
[BlackElo "2452"]
[PlyCount "48"]
[EventDate "2007.10.28"]
[EventType "team"]
[EventRounds "9"]
[EventCountry "GRE"]
[Source "lmi"]
[SourceDate "2007.10.28"]
[WhiteTeam "Lithuania"]
[BlackTeam "Ukraine"]
[WhiteTeamCountry "LTU"]
[BlackTeamCountry "UKR"]

1. e4 e6 2. d4 d5 3. e5 c5 4. c3 Bd7 5. Nf3 Qb6 6. Be2 Nc6 7. O-O f6 8. Na3
fxe5 9. Nxe5 Nxe5 10. dxe5 Ne7 11. Bd3 O-O-O 12. Be3 Nc6 13. f4 g5 14. Be2 gxf4
15. Bxf4 c4+ 16. Kh1 Qxb2 17. Bg5 Qxa3 18. Bxd8 Nxd8 19. Qe1 Bc5 20. Rf6 Rf8
21. Bg4 Be7 22. Rh6 Rf7 23. Qd2 Rg7 24. Qd1 Qxc3 0-1

[Event "European Team-ch 2007 Femenino"]
[Site "Creta GRE"]
[Date "2007.11.01"]
[Round "5.4"]
[White "Ushenina, Anna"]
[Black "Zaksaite, Salomeja"]
[Result "1-0"]
[WhiteElo "2486"]
[BlackElo "2228"]
[PlyCount "133"]
[EventDate "2007.10.28"]
[EventType "team"]
[EventRounds "9"]
[EventCountry "GRE"]
[Source "lmi"]
[SourceDate "2007.10.28"]
[WhiteTeam "Ukraine"]
[BlackTeam "Lithuania"]
[WhiteTeamCountry "UKR"]
[BlackTeamCountry "LTU"]

1. Nf3 Nf6 2. c4 g6 3. Nc3 d5 4. cxd5 Nxd5 5. Qa4+ c6 6. Qd4 Nf6 7. Qxd8+ Kxd8
8. e4 Bg7 9. d4 Bg4 10. Ng5 Be6 11. Nxe6+ fxe6 12. e5 Nd5 13. Ne4 b6 14. f4 Nb4
15. Kd1 a5 16. g3 N8a6 17. Be3 Nc7 18. a3 Nbd5 19. Bf2 Kd7 20. h4 h6 21. Rc1
Rhg8 22. Bd3 h5 23. Rc2 Bh6 24. Kc1 Ne8 25. Nd2 Ng7 26. Kb1 Nf5 27. Rhc1 Rgc8
28. Be4 Rab8 29. b3 Bg7 30. Ka2 Ra8 31. Nf3 Bh6 32. Ne1 Bg7 33. Nd3 Bf8 34. Kb1
Bg7 35. Nb2 Bh6 36. Na4 Rab8 37. Bd3 Bg7 38. Ba6 Rc7 39. Bd3 Rcc8 40. Be4 Bh6
41. b4 axb4 42. axb4 Rc7 43. b5 cxb5 44. Rxc7+ Nxc7 45. Bc6+ Kd8 46. Nc3 b4 47.
Nb5 Nd5 48. Bxd5 exd5 49. Rc6 Ke8 50. Rxg6 Kf7 51. Rc6 Rg8 52. Nc7 Rc8 53. Kb2
Rg8 54. Rxb6 e6 55. Rxe6 Bg7 56. Rb6 Bh8 57. Ne6 Rg4 58. Ng5+ Kg7 59. Rb7+ Kg8
60. Rb8+ Kg7 61. Rb7+ Kg8 62. Rxb4 Nxg3 63. Bxg3 Rxg3 64. f5 Rg4 65. Rb8+ Kg7
66. f6+ Kg6 67. Rxh8 1-0

[Event "European Team-ch 2007 Femenino"]
[Site "Creta GRE"]
[Date "2007.11.01"]
[Round "5.4"]
[White "Batyte, Daiva"]
[Black "Gaponenko, Inna"]
[Result "1/2-1/2"]
[WhiteElo "2198"]
[BlackElo "2440"]
[PlyCount "91"]
[EventDate "2007.10.28"]
[EventType "team"]
[EventRounds "9"]
[EventCountry "GRE"]
[Source "lmi"]
[SourceDate "2007.10.28"]
[WhiteTeam "Lithuania"]
[BlackTeam "Ukraine"]
[WhiteTeamCountry "LTU"]
[BlackTeamCountry "UKR"]

1. Nf3 d5 2. d4 Nf6 3. c4 c6 4. e3 Bf5 5. Nc3 e6 6. Qb3 Qb6 7. Qxb6 axb6 8. Bd2
h6 9. Be2 Nbd7 10. O-O g5 11. cxd5 exd5 12. Ne5 Nxe5 13. dxe5 Nd7 14. f4 g4 15.
Be1 Bc5 16. Bf2 f6 17. e4 dxe4 18. Bxc5 Nxc5 19. Rad1 Ke7 20. Rd6 fxe5 21. fxe5
Be6 22. Rf6 Rad8 23. Nxe4 Rxd6 24. Nxd6 Nd7 25. Nf5+ Bxf5 26. Rxf5 Rg8 27. Bc4
Rg7 28. a3 b5 29. Ba2 Nc5 30. Rf6 h5 31. Rh6 Nd3 32. Re6+ Kf8 33. Rf6+ Ke8 34.
Rh6 Nxe5 35. Rxh5 Nd3 36. Rh8+ Kd7 37. b4 Re7 38. Rf8 Re3 39. Bb1 Ne5 40. Bf5+
Kd6 41. Rf6+ Kd5 42. Be6+ Ke4 43. Bf5+ Kd5 44. Be6+ Ke4 45. Bf5+ Kd5 46. Be6+
1/2-1/2

[Event "European Team-ch 2007 Femenino"]
[Site "Creta GRE"]
[Date "2007.11.01"]
[Round "5.5"]
[White "Vega Gutierrez, Sabrina"]
[Black "Peng, Zhaoqin"]
[Result "0-1"]
[WhiteElo "2331"]
[BlackElo "2419"]
[PlyCount "88"]
[EventDate "2007.10.28"]
[EventType "team"]
[EventRounds "9"]
[EventCountry "GRE"]
[Source "lmi"]
[SourceDate "2007.10.28"]
[WhiteTeam "Espana"]
[BlackTeam "Netherlands"]
[WhiteTeamCountry "ESP"]
[BlackTeamCountry "NED"]

1. e4 e6 2. Nf3 d5 3. Nc3 Nf6 4. e5 Nfd7 5. d4 c5 6. dxc5 Nc6 7. Bf4 Bxc5 8.
Bd3 a6 9. Qe2 Be7 10. h4 h6 11. h5 Qb6 12. O-O-O Nc5 13. Kb1 Bd7 14. Rh3 Nxd3
15. cxd3 Nd4 16. Nxd4 Qxd4 17. Qe3 Qxe3 18. Bxe3 f6 19. f4 Rc8 20. Ne2 Ba4 21.
Rc1 Kf7 22. Nd4 Rxc1+ 23. Kxc1 Rc8+ 24. Kd2 Bb4+ 25. Ke2 Bc5 26. Rg3 Bxd4 27.
Bxd4 Rc2+ 28. Ke3 f5 29. Bc3 d4+ 30. Bxd4 Bc6 31. Bc3 Bxg2 32. Bd2 Bd5 33. Bc3
Bxa2 34. Rh3 Bd5 35. Kd4 b6 36. Ke3 a5 37. Kd4 a4 38. Rh4 b5 39. Rh3 b4 40.
Bxb4 Rxb2 41. Bc5 Rf2 42. Ke3 Ra2 43. Bd6 a3 44. d4 Rb2 0-1

[Event "European Team-ch 2007 Femenino"]
[Site "Creta GRE"]
[Date "2007.11.01"]
[Round "5.5"]
[White "Bosboom-Lanchava, Tea"]
[Black "Calzetta, Monica"]
[Result "0-1"]
[WhiteElo "2379"]
[BlackElo "2287"]
[PlyCount "60"]
[EventDate "2007.10.28"]
[EventType "team"]
[EventRounds "9"]
[EventCountry "GRE"]
[Source "lmi"]
[SourceDate "2007.10.28"]
[WhiteTeam "Netherlands"]
[BlackTeam "Espana"]
[WhiteTeamCountry "NED"]
[BlackTeamCountry "ESP"]

1. d4 Nf6 2. Nf3 g6 3. Nc3 d5 4. Bf4 Bg7 5. Qd2 O-O 6. Bh6 Nc6 7. Bxg7 Kxg7 8.
Ne5 Bf5 9. f3 Nb4 10. e4 dxe4 11. fxe4 Nxe4 12. Nxe4 Qxd4 13. Qxd4 Nxc2+ 14.
Kf2 Nxd4 15. Ng3 Be6 16. Rd1 c5 17. Ne4 b6 18. b3 f6 19. Nd3 Bg4 20. Re1 e5 21.
g3 Rad8 22. h3 Bf3 23. Bg2 f5 24. Nc3 Nc2 25. Bxf3 Rxd3 26. Rxe5 Rxc3 27. Rc1
Rd8 28. Re7+ Kf6 29. Rxa7 Rd2+ 30. Be2 Re3 0-1

[Event "European Team-ch 2007 Femenino"]
[Site "Creta GRE"]
[Date "2007.11.01"]
[Round "5.5"]
[White "Schuurman, Petra"]
[Black "Trujillo Delgado, Dafnae"]
[Result "1/2-1/2"]
[WhiteElo "2281"]
[BlackElo "2243"]
[PlyCount "102"]
[EventDate "2007.10.28"]
[EventType "team"]
[EventRounds "9"]
[EventCountry "GRE"]
[Source "lmi"]
[SourceDate "2007.10.28"]
[WhiteTeam "Netherlands"]
[BlackTeam "Espana"]
[WhiteTeamCountry "NED"]
[BlackTeamCountry "ESP"]

1. d4 Nf6 2. Nf3 c5 3. d5 b5 4. a4 b4 5. c4 g6 6. Nbd2 Bg7 7. e4 d6 8. g3 Bg4
9. Bg2 Nbd7 10. Qc2 h6 11. h3 Bxf3 12. Nxf3 Qc7 13. O-O a5 14. Nh4 O-O-O 15. f4
Nh5 16. Qf2 Bf6 17. Nf3 g5 18. e5 dxe5 19. fxg5 hxg5 20. Nxg5 Rdg8 21. h4 Bxg5
22. hxg5 f5 23. b3 Rf8 24. Ra2 f4 25. gxf4 exf4 26. Bh3 Ng3 27. Bxf4 Rxf4 28.
Qxf4 Rxh3 29. Qxc7+ Kxc7 30. Kg2 Nxf1 31. Kxh3 Ne3 32. g6 Nf6 33. Re2 Nf5 34.
Re5 Nd4 35. Rxe7+ Kd6 36. Rf7 Ne8 37. g7 Nxg7 38. Rxg7 Nxb3 39. Rg6+ Kc7 40.
Rg2 Nc1 41. Kg4 Nd3 42. Kf5 b3 43. Rg1 Kd6 44. Rg6+ Kd7 45. Rg1 Kd6 46. Ke4 Ne5
47. Rh1 b2 48. Rh6+ Kd7 49. Rh7+ Kd6 50. Rh6+ Kd7 51. Rh7+ Kd6 1/2-1/2

[Event "European Team-ch 2007 Femenino"]
[Site "Creta GRE"]
[Date "2007.11.01"]
[Round "5.6"]
[White "Skripchenko, Almira"]
[Black "Paehtz, Elisabeth"]
[Result "1/2-1/2"]
[WhiteElo "2438"]
[BlackElo "2452"]
[PlyCount "26"]
[EventDate "2007.10.28"]
[EventType "team"]
[EventRounds "9"]
[EventCountry "GRE"]
[Source "lmi"]
[SourceDate "2007.10.28"]
[WhiteTeam "France"]
[BlackTeam "Germany"]
[WhiteTeamCountry "FRA"]
[BlackTeamCountry "GER"]

1. e4 e6 2. d4 d5 3. Nc3 Nf6 4. Bg5 Bb4 5. e5 h6 6. Bc1 Ne4 7. Qg4 g6 8. Nge2
c5 9. a3 Ba5 10. b4 Nxc3 11. Nxc3 cxb4 12. Nb5 b3+ 13. c3 Kf8 1/2-1/2

[Event "European Team-ch 2007 Femenino"]
[Site "Creta GRE"]
[Date "2007.11.01"]
[Round "5.6"]
[White "Kachiani-G, Ketino"]
[Black "Collas, Silvia"]
[Result "0-1"]
[WhiteElo "2404"]
[BlackElo "2408"]
[PlyCount "126"]
[EventDate "2007.10.28"]
[EventType "team"]
[EventRounds "9"]
[EventCountry "GRE"]
[Source "lmi"]
[SourceDate "2007.10.28"]
[WhiteTeam "Germany"]
[BlackTeam "France"]
[WhiteTeamCountry "GER"]
[BlackTeamCountry "FRA"]

1. d4 Nf6 2. c4 e6 3. g3 d5 4. Nf3 dxc4 5. Bg2 Nc6 6. Qa4 Bb4+ 7. Bd2 Nd5 8.
Bxb4 Ndxb4 9. O-O Rb8 10. Na3 a6 11. Ne5 O-O 12. Nxc6 Nxc6 13. Qxc4 Qxd4 14.
Bxc6 Qxc4 15. Nxc4 bxc6 16. b3 Rb5 17. Rfc1 f6 18. Nb2 Bd7 19. Na4 Kf7 20. Rc2
Ke7 21. Nc5 Bc8 22. f3 Rd8 23. Kf2 e5 24. Rac1 Rd4 25. Ke3 Rd8 26. Rc4 a5 27.
Ne4 Bd7 28. Nc3 Rb6 29. Rc5 Ra6 30. Rd1 Rb8 31. f4 exf4+ 32. gxf4 g6 33. h4 Bg4
34. Rd4 Rb4 35. Rd1 Rb8 36. Kf2 Rb4 37. Kg3 h5 38. Rd2 Bd7 39. Kf3 Ra8 40. e4
Ra6 41. Ke3 Be6 42. f5 gxf5 43. exf5 Bd7 44. Rd4 Rxd4 45. Kxd4 Rb6 46. Rxa5
Rb4+ 47. Ke3 Rxh4 48. Ne4 Rg4 49. Kf3 Rg1 50. Ra7 Rf1+ 51. Ke2 Rxf5 52. Rxc7 h4
53. Nf2 h3 54. Nxh3 Kd6 55. Rxd7+ Kxd7 56. Nf2 Kd6 57. b4 Kd5 58. Nd1 Kd4 59.
a4 Re5+ 60. Kf3 Re1 61. Nf2 Ra1 62. b5 c5 63. Ne4 Ra3+ 0-1

[Event "European Team-ch 2007 Femenino"]
[Site "Creta GRE"]
[Date "2007.11.01"]
[Round "5.6"]
[White "Ohme, Melanie"]
[Black "Leconte, Maria"]
[Result "0-1"]
[WhiteElo "2274"]
[BlackElo "2364"]
[PlyCount "90"]
[EventDate "2007.10.28"]
[EventType "team"]
[EventRounds "9"]
[EventCountry "GRE"]
[Source "lmi"]
[SourceDate "2007.10.28"]
[WhiteTeam "Germany"]
[BlackTeam "France"]
[WhiteTeamCountry "GER"]
[BlackTeamCountry "FRA"]

1. e4 e6 2. d4 d5 3. Nc3 Bb4 4. exd5 exd5 5. Bd3 Nc6 6. a3 Bxc3+ 7. bxc3 Nf6 8.
Ne2 O-O 9. O-O Na5 10. Bg5 h6 11. Bf4 Nc4 12. Ng3 a5 13. Re1 Ra6 14. Bxc4 dxc4
15. Qe2 Nd5 16. Bd2 Rc6 17. Rab1 b6 18. a4 Bb7 19. Nf5 Rg6 20. Ng3 Ba6 21. Qh5
Nf6 22. Qf3 Qd7 23. Nf5 Bb7 24. Ne7+ Qxe7 25. Qxb7 Qd6 26. Qf3 Nd5 27. Re5 Rd8
28. Rbe1 Qd7 29. Qe4 Nf6 30. Qf5 Qxa4 31. Re7 Qc6 32. f3 a4 33. Bf4 Re8 34.
Rxe8+ Nxe8 35. d5 Qc5+ 36. Be3 Qb5 37. Qc8 Kh7 38. Bc1 Nd6 39. Qxc7 Qxd5 40.
Kf1 Nb5 41. Qe5 Rd6 42. Bf4 Qxe5 43. Bxe5 Re6 44. f4 f6 45. Rb1 Na3 0-1

[Event "European Team-ch 2007 Femenino"]
[Site "Creta GRE"]
[Date "2007.11.01"]
[Round "5.7"]
[White "Drljevic, Ljilja"]
[Black "Bojkovic, Natasa"]
[Result "0-1"]
[WhiteElo "2270"]
[BlackElo "2428"]
[PlyCount "74"]
[EventDate "2007.10.28"]
[EventType "team"]
[EventRounds "9"]
[EventCountry "GRE"]
[Source "lmi"]
[SourceDate "2007.10.28"]
[WhiteTeam "MNE"]
[BlackTeam "SRB"]

1. e4 c5 2. d3 Nc6 3. g3 g6 4. Bg2 Bg7 5. f4 e6 6. Nf3 Nge7 7. O-O O-O 8. c3 b6
9. Be3 Ba6 10. Re1 Rc8 11. Bf2 d6 12. a4 Qd7 13. Na3 h6 14. d4 cxd4 15. Nxd4
Rfd8 16. Ndb5 Qb7 17. Qe2 Qb8 18. Rad1 Bb7 19. Nc4 d5 20. exd5 Nxd5 21. Ne5
Nxe5 22. fxe5 Bf8 23. c4 Nb4 24. Bxb7 Qxb7 25. Nd6 Bxd6 26. exd6 Qd7 27. Qd2
Nc6 28. Qxh6 e5 29. Re4 Qf5 30. Rh4 Qf6 31. b4 Qg7 32. Qg5 Nxb4 33. d7 Rb8 34.
c5 bxc5 35. Bxc5 Nc6 36. Rc4 f6 37. Qg4 Qf7 0-1

[Event "European Team-ch 2007 Femenino"]
[Site "Creta GRE"]
[Date "2007.11.01"]
[Round "5.7"]
[White "Chelushkina, Irina"]
[Black "Vojinovic, Jovana"]
[Result "1-0"]
[WhiteElo "2351"]
[BlackElo "2227"]
[PlyCount "109"]
[EventDate "2007.10.28"]
[EventType "team"]
[EventRounds "9"]
[EventCountry "GRE"]
[Source "lmi"]
[SourceDate "2007.10.28"]
[WhiteTeam "SRB"]
[BlackTeam "MNE"]

1. g3 e5 2. c4 c6 3. d4 Bb4+ 4. Nc3 d5 5. Bg2 e4 6. Bd2 Nf6 7. Nxe4 Bxd2+ 8.
Nxd2 Qb6 9. cxd5 cxd5 10. Nb3 a5 11. Nf3 Na6 12. O-O Bd7 13. Ne5 Ba4 14. Qd2
Bxb3 15. axb3 Nb4 16. Rfc1 O-O 17. Rc5 Rfd8 18. h3 Ne4 19. Bxe4 dxe4 20. Qc3 h6
21. Qc4 Qe6 22. Qxe6 fxe6 23. Raxa5 Rxa5 24. Rxa5 Rxd4 25. Rb5 Nc6 26. e3 Rd2
27. Nc4 Rd7 28. Kg2 Kf7 29. Ne5+ Nxe5 30. Rxe5 Rd3 31. Rb5 Rd2 32. Rxb7+ Kf6
33. g4 g5 34. b4 Rxb2 35. b5 Rb1 36. b6 Kg6 37. Rb8 Kf6 38. b7 Kg7 39. f3 exf3+
40. Kxf3 Rb4 41. Ke2 e5 42. Kd3 e4+ 43. Kc3 Rb1 44. Kd4 Rd1+ 45. Kxe4 Rb1 46.
Kd4 Rd1+ 47. Ke5 Rb1 48. e4 Rb5+ 49. Kd6 Rb1 50. e5 Rd1+ 51. Ke6 Rb1 52. Rd8
Rb6+ 53. Rd6 Rb1 54. Rd7+ Kg6 55. Ke7 1-0

[Event "European Team-ch 2007 Femenino"]
[Site "Creta GRE"]
[Date "2007.11.01"]
[Round "5.7"]
[White "Mijovic, Aleksandra"]
[Black "Benderac, Ana"]
[Result "0-1"]
[WhiteElo "2198"]
[BlackElo "2328"]
[PlyCount "80"]
[EventDate "2007.10.28"]
[EventType "team"]
[EventRounds "9"]
[EventCountry "GRE"]
[Source "lmi"]
[SourceDate "2007.10.28"]
[WhiteTeam "MNE"]
[BlackTeam "SRB"]

1. e4 c5 2. Nf3 d6 3. d4 cxd4 4. Nxd4 Nf6 5. Nc3 a6 6. Be3 Ng4 7. Bg5 h6 8. Bh4
g5 9. Bg3 Bg7 10. h3 Ne5 11. Nf5 Bxf5 12. exf5 Qa5 13. Qd5 Nbc6 14. Be2 Rc8 15.
O-O Qxd5 16. Nxd5 Nd4 17. Bh5 Nxf5 18. Bh2 e6 19. f4 gxf4 20. Nxf4 O-O 21. c3
b5 22. Be2 Ne3 23. Rf2 N3c4 24. Rb1 Nd2 25. Rd1 Ne4 26. Rff1 d5 27. Nh5 Nc4 28.
Rf4 f5 29. Nxg7 Kxg7 30. Bxc4 Rxc4 31. Rf3 Kf6 32. Bf4 h5 33. Be3 Rg8 34. Kf1
Rc7 35. Rc1 e5 36. a4 bxa4 37. Ra1 Rc4 38. Kg1 f4 39. Bf2 Nxf2 40. Rxf2 h4 0-1

[Event "European Team-ch 2007 Femenino"]
[Site "Creta GRE"]
[Date "2007.11.01"]
[Round "5.7"]
[White "Rakic, Marija"]
[Black "Misovic, Sanja"]
[Result "1-0"]
[WhiteElo "2232"]
[BlackElo "1876"]
[PlyCount "115"]
[EventDate "2007.10.28"]
[EventType "team"]
[EventRounds "9"]
[EventCountry "GRE"]
[Source "lmi"]
[SourceDate "2007.10.28"]
[WhiteTeam "SRB"]
[BlackTeam "MNE"]

1. d4 Nf6 2. c4 e6 3. Nf3 b6 4. g3 Ba6 5. b3 b5 6. cxb5 Bxb5 7. Bg2 Bb4+ 8. Bd2
a5 9. Bxb4 axb4 10. Qd2 Na6 11. Qg5 c5 12. Ne5 h6 13. Qd2 d5 14. a4 bxa3 15.
Rxa3 cxd4 16. Qxd4 Qd6 17. Ra5 Bd7 18. O-O O-O 19. e4 Qb4 20. Qxb4 Nxb4 21.
Rxa8 Rxa8 22. Rd1 Be8 23. Nc3 Ra3 24. Rb1 Kf8 25. exd5 Nfxd5 26. Nxd5 exd5 27.
Nf3 Ra2 28. Rd1 Rb2 29. Nd4 Ke7 30. Re1+ Kf8 31. Ra1 Rd2 32. Nf5 Rb2 33. Ra8
Rb1+ 34. Bf1 Re1 35. Kg2 g6 36. Ne3 d4 37. Bb5 dxe3 38. Rxe8+ Kg7 39. Rxe3 Rd1
40. Re7 Kf8 41. Rd7 Rb1 42. Bc4 f5 43. Rf7+ Ke8 44. Rf6 g5 45. Rxf5 Nc2 46.
Re5+ Kf8 47. f4 gxf4 48. Rf5+ Kg7 49. Rxf4 Ne3+ 50. Kf3 Nxc4 51. bxc4 Rc1 52.
Ke3 Rc2 53. h4 Rc3+ 54. Kd4 Rxg3 55. c5 Rg1 56. c6 Rc1 57. Kd5 Rd1+ 58. Kc5 1-0

[Event "European Team-ch 2007 Femenino"]
[Site "Creta GRE"]
[Date "2007.11.01"]
[Round "5.8"]
[White "Mamedjarova, Zeinab"]
[Black "Danielian, Elina"]
[Result "0-1"]
[WhiteElo "2326"]
[BlackElo "2458"]
[PlyCount "90"]
[EventDate "2007.10.28"]
[EventType "team"]
[EventRounds "9"]
[EventCountry "GRE"]
[Source "lmi"]
[SourceDate "2007.10.28"]
[WhiteTeam "Azerbaijan"]
[BlackTeam "Armenia"]
[WhiteTeamCountry "AZE"]
[BlackTeamCountry "ARM"]

1. d4 d5 2. Nf3 Nf6 3. e3 e6 4. c4 c6 5. Nbd2 c5 6. Bd3 Nc6 7. cxd5 exd5 8. O-O
cxd4 9. Nxd4 Nxd4 10. exd4 Be7 11. Nf3 O-O 12. Re1 Bg4 13. h3 Bh5 14. Bf4 Bb4
15. Re3 Ba5 16. Rc1 Bb6 17. Bf5 Bg6 18. Bxg6 hxg6 19. Rec3 Ne4 20. R3c2 Qf6 21.
Bc7 Rfe8 22. Qd3 Ng5 23. Nxg5 Qxg5 24. a3 Re4 25. Bxb6 axb6 26. Qf3 Rf4 27.
Rc8+ Rxc8 28. Rxc8+ Kh7 29. Qe3 Qf6 30. Qe8 g5 31. Qe2 g4 32. Qd3+ Qg6 33.
Qxg6+ Kxg6 34. Rd8 gxh3 35. Rxd5 Rxf2 36. Re5 Rxg2+ 37. Kh1 f5 38. Re6+ Kh5 39.
Rxb6 Kg4 40. Rb3 f4 41. d5 Re2 42. d6 f3 43. d7 f2 44. Rb4+ Kf3 45. Rb3+ Re3
0-1

[Event "European Team-ch 2007 Femenino"]
[Site "Creta GRE"]
[Date "2007.11.01"]
[Round "5.8"]
[White "Mkrtchian, Lilit"]
[Black "Kadimova, Ilaha"]
[Result "1-0"]
[WhiteElo "2402"]
[BlackElo "2311"]
[PlyCount "151"]
[EventDate "2007.10.28"]
[EventType "team"]
[EventRounds "9"]
[EventCountry "GRE"]
[Source "lmi"]
[SourceDate "2007.10.28"]
[WhiteTeam "Armenia"]
[BlackTeam "Azerbaijan"]
[WhiteTeamCountry "ARM"]
[BlackTeamCountry "AZE"]

1. e4 c6 2. d4 d5 3. e5 Bf5 4. Nd2 e6 5. Nb3 Nd7 6. Nf3 h6 7. Be2 Ne7 8. O-O
Qc7 9. Bd2 g5 10. Bb4 Ng6 11. Bxf8 Kxf8 12. Bd3 Bxd3 13. Qxd3 Kg7 14. c4 dxc4
15. Qxc4 Nb6 16. Qc2 Qe7 17. Nfd2 Rhd8 18. Ne4 Qb4 19. a3 Qc4 20. Rac1 Qxc2 21.
Rxc2 Rd5 22. g3 a5 23. Nc3 Rdd8 24. Rd1 Nd7 25. a4 Nb6 26. Re2 Ne7 27. Rf1 Nf5
28. Re4 Nd5 29. Ne2 h5 30. g4 hxg4 31. Rxg4 Kh6 32. Kh1 Rg8 33. Rfg1 Rg6 34.
Nc5 b6 35. Ne4 Rag8 36. Rc1 Nfe7 37. Rcg1 Nf5 38. Rc1 Nfe7 39. Rcg1 Nf5 40. Rd1
Rd8 41. Rd3 Nf4 42. Nxf4 gxf4 43. Rxf4 c5 44. Ng3 Kg5 45. Ne2 cxd4 46. Re4 Rc8
47. Nxd4 Rc1+ 48. Kg2 Nxd4 49. Rdxd4 Kf5+ 50. Kf3 Rh6 51. h4 Rc5 52. Rd7 Rh7
53. Rb7 Rxe5 54. Rf4+ Kg6 55. Rxb6 f5 56. Rd4 Kf6 57. b4 axb4 58. Rdxb4 Rc5 59.
Rd4 Rc3+ 60. Ke2 Rh3 61. Rdd6 Re7 62. Rb4 Rh7 63. Rbb6 Re7 64. Rb4 Rh7 65. Rdd4
Ra7 66. Rd3 Rh1 67. Ra3 Rh7 68. a5 R1xh4 69. Rxh4 Rxh4 70. a6 Rh8 71. a7 Ra8
72. f4 Ke7 73. Ke3 Kd6 74. Kd4 Kc6 75. Ke5 Kd7 76. Ra6 1-0

[Event "European Team-ch 2007 Femenino"]
[Site "Creta GRE"]
[Date "2007.11.01"]
[Round "5.8"]
[White "Mamedjarova, Turkan"]
[Black "Aginian, Nelly"]
[Result "1/2-1/2"]
[WhiteElo "2250"]
[BlackElo "2261"]
[PlyCount "84"]
[EventDate "2007.10.28"]
[EventType "team"]
[EventRounds "9"]
[EventCountry "GRE"]
[Source "lmi"]
[SourceDate "2007.10.28"]
[WhiteTeam "Azerbaijan"]
[BlackTeam "Armenia"]
[WhiteTeamCountry "AZE"]
[BlackTeamCountry "ARM"]

1. f4 d5 2. Nf3 Nf6 3. g3 c5 4. Bg2 Nc6 5. O-O g6 6. d3 Bg7 7. c3 O-O 8. Qe1 d4
9. c4 e5 10. fxe5 Ng4 11. Bg5 Qb6 12. Qc1 Re8 13. Bf4 Ncxe5 14. Na3 Ne3 15.
Bxe3 Nxf3+ 16. Bxf3 Rxe3 17. Nc2 Re5 18. Rb1 a5 19. a3 Bd7 20. b4 axb4 21. axb4
Bc6 22. Qf4 Rf5 23. Qd2 Bxf3 24. exf3 h5 25. bxc5 Qxc5 26. Rb5 Qc8 27. Rxf5
Qxf5 28. Nb4 Kh7 29. Qg2 b5 30. g4 Qc5 31. Nd5 bxc4 32. dxc4 Ra4 33. gxh5 Rxc4
34. hxg6+ fxg6 35. Qh3+ Kg8 36. Qe6+ Kh7 37. Qh3+ Kg8 38. Qe6+ Kh7 39. Kh1 Rc1
40. Qh3+ Kg8 41. Qe6+ Kh7 42. Qh3+ Kg8 1/2-1/2

[Event "European Team-ch 2007 Femenino"]
[Site "Creta GRE"]
[Date "2007.11.01"]
[Round "5.8"]
[White "Andriasian, Siranush"]
[Black "Umudova, Nargiz"]
[Result "0-1"]
[WhiteElo "2234"]
[BlackElo "2188"]
[PlyCount "144"]
[EventDate "2007.10.28"]
[EventType "team"]
[EventRounds "9"]
[EventCountry "GRE"]
[Source "lmi"]
[SourceDate "2007.10.28"]
[WhiteTeam "Armenia"]
[BlackTeam "Azerbaijan"]
[WhiteTeamCountry "ARM"]
[BlackTeamCountry "AZE"]

1. e4 c5 2. Nf3 Nc6 3. d4 cxd4 4. Nxd4 Nf6 5. Nc3 e5 6. Ndb5 d6 7. Bg5 a6 8.
Na3 b5 9. Nd5 Be7 10. Bxf6 Bxf6 11. c4 b4 12. Nc2 a5 13. g3 Bg5 14. h4 Bh6 15.
Bh3 O-O 16. Qh5 Be6 17. Bf5 Bxd5 18. exd5 Ne7 19. Ne3 Kh8 20. Bd3 Ng8 21. Qf5
g6 22. Qh3 e4 23. Be2 Bxe3 24. fxe3 f5 25. Rd1 Nh6 26. Rd4 Qb6 27. O-O Rae8 28.
Rf4 Qa7 29. Qg2 Qg7 30. Qf2 Rg8 31. Kg2 Re7 32. Kh2 g5 33. hxg5 Qxg5 34. Rd1
Qf6 35. b3 Reg7 36. Rg1 Qe5 37. Bd1 Rg5 38. Rh4 R8g6 39. Qf4 Qb2+ 40. Rg2 Qa1
41. Be2 Nf7 42. Qf1 Qxf1 43. Bxf1 Ne5 44. Be2 Nf3+ 45. Bxf3 exf3 46. Rg1 f2 47.
Rf1 Rxg3 48. Rxf2 Rxe3 49. Rxf5 Re2+ 50. Kh3 Rxa2 51. Rfh5 Rb2 52. Rxh7+ Kg8
53. Ra7 Rxb3+ 54. Kh2 Rb2+ 55. Kh3 Rb1 56. Kh2 Rb2+ 57. Kh3 Ra2 58. Re4 Ra3+
59. Kh4 Rg7 60. Re8+ Kh7 61. Raa8 Ra1 62. Rh8+ Kg6 63. Kg4 Rf1 64. Kg3 b3 65.
Rab8 a4 66. Rb6 Kf7+ 67. Kh2 Rf2+ 68. Kh3 b2 69. Rhb8 a3 70. Ra8 Rf1 71. Ra7+
Kg8 72. Ra8+ Kh7 0-1

[Event "European Team-ch 2007 Femenino"]
[Site "Creta GRE"]
[Date "2007.11.01"]
[Round "5.9"]
[White "Houska, Jovanka"]
[Black "Peptan, Corina-Isabela"]
[Result "1/2-1/2"]
[WhiteElo "2404"]
[BlackElo "2405"]
[PlyCount "62"]
[EventDate "2007.10.28"]
[EventType "team"]
[EventRounds "9"]
[EventCountry "GRE"]
[Source "lmi"]
[SourceDate "2007.10.28"]
[WhiteTeam "England"]
[BlackTeam "Romania"]
[WhiteTeamCountry "ENG"]
[BlackTeamCountry "ROM"]

1. e4 c5 2. Nf3 e6 3. d4 cxd4 4. Nxd4 a6 5. Nc3 b5 6. Bd3 Bb7 7. O-O Nc6 8.
Nxc6 Bxc6 9. Qe2 Bc5 10. Bd2 Ne7 11. e5 Qb8 12. Kh1 O-O 13. f4 Nf5 14. Ne4 Be7
15. a3 a5 16. b4 axb4 17. Bxb4 Qd8 18. Rfd1 Bxb4 19. axb4 Qh4 20. Qf3 h6 21.
Kg1 Rxa1 22. Rxa1 Rc8 23. Qf2 Qe7 24. Nc5 d6 25. exd6 Qxd6 26. c3 Ne7 27. Ra7
Rd8 28. h3 Nf5 29. Kh2 Ne7 30. Kg1 Nf5 31. Kh2 Ne7 1/2-1/2

[Event "European Team-ch 2007 Femenino"]
[Site "Creta GRE"]
[Date "2007.11.01"]
[Round "5.9"]
[White "Voicu, Carmen"]
[Black "Ciuksyte, Dagne"]
[Result "0-1"]
[WhiteElo "2333"]
[BlackElo "2411"]
[PlyCount "84"]
[EventDate "2007.10.28"]
[EventType "team"]
[EventRounds "9"]
[EventCountry "GRE"]
[Source "lmi"]
[SourceDate "2007.10.28"]
[WhiteTeam "Romania"]
[BlackTeam "England"]
[WhiteTeamCountry "ROM"]
[BlackTeamCountry "ENG"]

1. e4 c5 2. Nf3 e6 3. d4 cxd4 4. Nxd4 a6 5. Bd3 Bc5 6. Nb3 Be7 7. Be3 Nf6 8.
N1d2 d6 9. f4 b6 10. Qe2 Bb7 11. O-O-O Nc6 12. c3 b5 13. g4 g6 14. Rhf1 d5 15.
g5 dxe4 16. Bxe4 Nd7 17. Qg2 Qc7 18. Bf3 O-O 19. Ne4 Nb4 20. Rxd7 Nxa2+ 21. Kb1
Qxd7 22. Kxa2 b4 23. Nbc5 Bd5+ 24. b3 Qb5 25. Nf6+ Bxf6 26. Bxd5 exd5 27. gxf6
Rfe8 28. Re1 bxc3 29. Qh3 Qa5+ 30. Na4 h5 31. f5 Re4 32. fxg6 Rxa4+ 33. bxa4
Qxa4+ 34. Kb1 Rb8+ 35. Kc1 Qa1+ 36. Kc2 Qb2+ 37. Kd3 Qb5+ 38. Kd4 Qb4+ 39. Ke5
Re8+ 40. Kxd5 Rd8+ 41. Kc6 Qd6+ 42. Kb7 Rb8+ 0-1